Statistics for Countries with the Most Muslims

Click here to take the quiz!

General Stats

  • This quiz has been taken 49 times
  • The average score is 16 of 20

Answer Stats

HintCountry% Correct
99.4%Iran
100%
73.2MIran
100%
203.0MPakistan
98%
182.0MIndia
96%
245.0MIndonesia
93%
70.1MEgypt
91%
99.0%Iraq
89%
36.1MAlgeria
85%
142.9MBangladesh
85%
99.0%Morocco
85%
31.4MMorocco
85%
70.0MTurkey
83%
98.6%Niger
80%
90.0MNigeria
78%
99.5%Tunisia
76%
99.7%Afghanistan
74%
99.1%Yemen
74%
98.5%Somalia
63%
99.1%Mauritania
59%
99.2%Azerbaijan
30%

Score Distribution

Percentile by Number Answered

Percent of People with Each Score

Your Score History

You have not taken this quiz